Naxalism in India : (Record no. 140620)
[ view plain ]
| 000 -LEADER | |
|---|---|
| fixed length control field | 00685nam a22002057a 4500 |
| 005 - DATE AND TIME OF LATEST TRANSACTION | |
| control field | 20170531155136.0 |
| 010 ## - LCCN (DPL NO) | |
| LC control number | ENG-118493 |
| 020 ## - INTERNATIONAL STANDARD BOOK NUMBER | |
| International Standard Book Number | 9789383930081 |
| Terms of availability | 1695.00 |
| 035 ## - SYSTEM CONTROL NUMBER | |
| System control number | EN-102025 |
| 037 ## - SOURCE OF ACQUISITION | |
| Source of stock number/acquisition | DBAD/PUB |
| 082 ## - DEWEY DECIMAL CLASSIFICATION NUMBER | |
| Classification number | 320.5320954 |
| 245 ## - TITLE STATEMENT | |
| Title | Naxalism in India : |
| Statement of responsibility, etc | edited by Sanjay Kumar [and] M. Samir Hussain |
| Remainder of title | present and future challenges / |
| 260 ## - PUBLICATION, DISTRIBUTION, ETC. (IMPRINT) | |
| Place of publication, distribution, etc | New Delhi |
| Name of publisher, distributor, etc | G.B. Books Publishers and Distributors |
| Date of publication, distribution, etc | 2015 |
| 270 ## - ADDRESS | |
| Address | 4832/24, S-204 Prahlad Lane Ansari Road, New Delhi-110002 |
| 300 ## - PHYSICAL DESCRIPTION | |
| Extent | xii,234p |
| Dimensions | 23cm.(Hb) |
| 500 ## - GENERAL NOTE | |
| General note | Includes index |
| 700 ## - ADDED ENTRY--PERSONAL NAME | |
| Personal name | Sanjay Kumar |
| 700 ## - ADDED ENTRY--PERSONAL NAME | |
| Personal name | M. Samir Hussain |
| 942 ## - ADDED ENTRY ELEMENTS (KOHA) | |
| Source of classification or shelving scheme | Dewey Decimal Classification |
| Item type | English Books |
| Classification part | 320.5320954 |
| Call number suffix | NAX |
| Withdrawn status | Lost status | Not for loan | Collection code | Home library | Current library | Date acquired | Source of acquisition | Cost, normal purchase price | Full call number | Barcode | Copy number | Cost, replacement price | Koha item type |
|---|---|---|---|---|---|---|---|---|---|---|---|---|---|
| Not For Loan | Non-fiction | D.B.Act.Division | Bawana | 31/05/2017 | DBAD/PUB. | 1695.00 | 320.5320954 NAX | EN-102025 | 1 | 1695.00 | English Books |
